66 etud pro klarinet (nižší stupeň) /

Hlavní autor: Kratochvíl, Jiří, 1924-2014
Jazyk: Nelze použít, není lingvistický obsah
Vydáno: Praha : Supraphon, 1983
Vydání: 3. vyd.
Fyzický popis: 47 s.
Hudebniny Hudebniny
Uloženo v:
LEADER 00701ncm a22002172a 4500
001 001226003
003 CZ BrMZK
005 20120625100422.0
007 qu
008 120625s1983 xr |||||||||||||||||zxx d
040 |a BOA001  |b cze 
072 7 |a 788  |x Hudba pro dechové nástroje  |2 Konspekt  |9 9 
100 1 |a Kratochvíl, Jiří,  |d 1924-2014  |7 jk01062971  |4 cmp 
245 1 0 |a 66 etud pro klarinet  |h [hudebnina] :  |b (nižší stupeň) /  |c Jiří Kratochvíl 
250 |a 3. vyd. 
260 |a Praha :  |b Supraphon,  |c 1983 
300 |a 47 s. 
910 |a BOA001  |b Mus4-0615.689-83 
990 |a MU 
991 |b 201206 
996 6 |b 2619091333  |c Mus4-0615.689-83  |l MZK  |r Sklad / do 1 hodiny  |n 0  |w 001259901  |u 000010  |a 1  |e BOA001  |j MZK50  |s P